000 00678nam a2200205 i 4500
001 18058
003 ES-MaACL
005 20240424125812.0
007 t|
008 010913s1953 ag |||| | spa d
080 _a821.134.2-14"19"(082.2)
245 0 0 _aPanorama de la poesía moderna española /
_c[selección de] Enrique Azcoaga ; viñeta de Ramón Gaya.
260 _aBuenos Aires :
_bPeriplo,
_c1953.
300 _a499 p. ;
_c23 cm.
650 4 _aPoesías españolas-
_yS.XX.
_916221
700 1 _aAzcoaga, Enrique,
_d1912-1985
_924261
700 1 _aGaya, Ramón,
_d1910-2005
_956125
852 _aES-MaACL
_jAND-65
_z- Biblioteca Juan Andrade
999 _c18058
_d18058